Human body

Bibliographic Details
Main Author: Bingham,Caroline
Format: Book
Published: London : Dorling Kindersley , 2006
Series:Eyewonder
Subjects:

MARC

LEADER 00000cam a2200000 7i4500
001 0000006422
005 20151222.0
008 070816
020 |a 1405313803 
090 0 0 |a JF   |b GEO ENG (6735) 
100 1 |a Bingham,Caroline 
245 0 0 |a Human body   |c Caroline Bingham 
260 |a London :   |b Dorling Kindersley ,   |c 2006 
440 |a Eyewonder 
500 |a Children ages 7-9 years old (orange) 
650 0 |a Human body   |x Juvenile literature 
650 0 |a Junior fiction   |x English   |x Languages 
999 |a 0000981392   |b Book   |c Children Collection   |e Perbadanan Perpustakaan Awam Johor 
999 |a 0000981393   |b Book   |c Children Collection   |e Perbadanan Perpustakaan Awam Johor